Which Asian Island? - Statistics

General Stats
  • This quiz has been taken 31,236 times
    31,200 since last reset
  • The average score is 12 of 20
Answer Stats
Hint Island % Correct
Mediterranean island nation which some consider to be part of Europe Cyprus
97%
Before the 15th century, one could walk from this island to India Sri Lanka
89%
The world's most populous island. Its name is slang for "coffee". Java
83%
Island nation whose official languages are English, Mandarin, Malay, and Tamil Singapore
78%
Home to the world's most valuable semiconductor company Taiwan
76%
The only island in the world with three nations on it Borneo
73%
Site of the 2020 Summer Olympics Honshu
68%
Northernmost of the four main Japanese islands Hokkaido
66%
"The Las Vegas of Asia" Macau
65%
The world's largest type of lizard is named for this island Komodo
60%
Can be reached via the King Fahd Causeway Bahrain
58%
An earthquake off the coast of this island caused the 2004 Boxing Day Tsunami Sumatra
57%
Attractions include Victoria Harbor and Victoria Peak Hong Kong
55%
Up to 200,000 Japanese and American people died here from April–June of 1945 Okinawa
45%
Current home of Rodrigo Duterte Luzon
40%
Russia's largest island, formerly owned by Japan Sakhalin
36%
Indonesian island whose name is Portuguese for "flowers" Flores
34%
Two thirds of this Indonesian island was destroyed in 1883 Krakatoa
34%
Site of the second ever use of nuclear weapons in warfare Kyushu
33%
The home of the world's last known woolly mammoth Wrangel
8%
No matching quizzes found
Score Distribution
Percent of People with Each Score
Percentile by Number Answered
Your Score History
You have not taken this quiz since the last reset